Creative vegetarian cooking (Record no. 33554)

MARC details
000 -LEADER
fixed length control field 00939nam a22002657a 4500
005 - DATE AND TIME OF LATEST TRANSACTION
control field 19970904051429.3
008 - FIXED-LENGTH DATA ELEMENTS--GENERAL INFORMATION
fixed length control field 970904m19271929ii a 001 0aeng
010 ## - LCCN (DPL NO)
LC control number ENG-95801
020 ## - INTERNATIONAL STANDARD BOOK NUMBER
International Standard Book Number 9788190173186
Terms of availability 200.00 (app.)
035 ## - SYSTEM CONTROL NUMBER
System control number EN-79334
037 ## - SOURCE OF ACQUISITION
Source of stock number/acquisition DBAD/PUB
040 ## - CATALOGING SOURCE
Original cataloging agency DPL
082 ## - DEWEY DECIMAL CLASSIFICATION NUMBER
Classification number 641.5636
245 ## - TITLE STATEMENT
Title Creative vegetarian cooking
250 ## - EDITION STATEMENT
Edition statement 6th ed.
260 ## - PUBLICATION, DISTRIBUTION, ETC. (IMPRINT)
Place of publication, distribution, etc New Delhi
Name of publisher, distributor, etc Science of the Soul Research Center
Date of publication, distribution, etc 2008
270 ## - ADDRESS
City New Delhi
Postal code 110 005
Address 5 Guru Ravi Dass Marg, Pusa Road,
300 ## - PHYSICAL DESCRIPTION
Extent 155p.
Dimensions 24 cm.(Pbk)
500 ## - GENERAL NOTE
General note Includes index
500 ## - GENERAL NOTE
General note The price of the book fixed app. Rs.200.00
650 ## - SUBJECT ADDED ENTRY--TOPICAL TERM
Topical term or geographic name as entry element Vegetarian cookery
942 ## - ADDED ENTRY ELEMENTS (KOHA)
Source of classification or shelving scheme Dewey Decimal Classification
Item type English Books
Call number suffix CRE
Classification part 641.5636
Holdings
Withdrawn status Lost status Source of classification or shelving scheme Damaged status Not for loan Collection code Home library Current library Date acquired Source of acquisition Cost, normal purchase price Total Checkouts Full call number Barcode Date last seen Copy number Cost, replacement price Koha item type
    Dewey Decimal Classification   Not For Loan Non-fiction D.B.Act.Division D.B.Act.Division 01/01/2010 DBAD/PUB 200.00   641.5636 CRE EN-79334 09/01/2010 1 200.00 English Books

© Delhi Public Library
Hit Counter
free hit counter